NBA Argentinian players - Statistics

General Stats
  • This quiz has been taken 10 times
  • The average score is 7 of 15
Answer Stats
Years he played Answer % Correct
2005-2012 Andrés Nocioni
100%
2008-2017 Luis Scola
100%
2003-2018 Manu Ginóbili
100%
2020-2022 Facundo Campazzo
78%
2021-2023 Gabriel Deck
56%
2006-2011 Fabricio Oberto
44%
2021-2022 Leandro Bolmaro
44%
2013-2016 Pablo Prigioni
44%
2005-2013 Carlos Delfino
33%
2017 Nicolás Laprovíttola
33%
2017-2018 Nicolás Brussino
22%
2001-2003 Pepe Sánchez
22%
2001-2003 Rubén Wolkowyski
22%
2017 Patricio Garino
11%
2007-2009 Walter Herrmann
11%
No matching quizzes found
Score Distribution
Percent of People with Each Score
Percentile by Number Answered
Your Score History
You have not taken this quiz